Vplyv hospodárskej krízy na rodový mzdový rozdiel a nezamestnanosť na Slovensku

Hospodárska kríza na Slovensku a jej prejav v nezamestnanosti. Vývoj miery nezamestnanosti v SR v období 1994-2013 podľa pohlavia.

Salvato in:
Dettagli Bibliografici
Autore principale: Danielová, Katarína
Altri autori: Lauko, Viliam
Natura: Capitolo di libro
Lingua:slovacco
Soggetti:
Tags: Aggiungi Tag
Nessun Tag, puoi essere il primo ad aggiungerne!!

MARC

LEADER 00000nla a2200000 4500
001 0200247
005 20240417075057.1
041 0 |a slo 
044 |a SK 
245 1 0 |a Vplyv hospodárskej krízy na rodový mzdový rozdiel a nezamestnanosť na Slovensku  |c Katarína Danielová, Viliam Lauko 
520 |a Hospodárska kríza na Slovensku a jej prejav v nezamestnanosti. Vývoj miery nezamestnanosti v SR v období 1994-2013 podľa pohlavia. 
610 2 0 |a Slovensko 
610 2 0 |a kríza hospodárska 
610 2 0 |a nezamestnanosť 
610 2 0 |a diferenciácia rodová 
610 2 0 |a trh práce 
610 2 0 |a zamestnanosť 
610 2 0 |a muži 
610 2 0 |a ženy 
100 1 |a Danielová, Katarína 
700 1 |a Lauko, Viliam